| 000 | 00577nam a2200217Ia 4500 | ||
|---|---|---|---|
| 003 | OSt | ||
| 005 | 20220928135402.0 | ||
| 006 | a|||||r|||| 00| 0 | ||
| 007 | ta | ||
| 008 | 220927b |||||||| |||| 00| 0 eng d | ||
| 024 | _a1722 | ||
| 037 | _cTextual | ||
| 040 |
_aSDCL _cSDCL _beng |
||
| 041 |
_2eng _aeng |
||
| 082 | _aX:51.8'N8, M4 | ||
| 100 |
_aAsia Pacific Centre,( England) _9490240 |
||
| 245 | 0 | _aMarkets of Asia/Pacific/Australia | |
| 260 | _c1984 | ||
| 942 |
_hX:51.8'N8, M4 _cTEXL _2CC |
||
| 999 |
_c805534 _d805534 |
||